| 000 | 01153cab a2200385 4500 | ||
|---|---|---|---|
| 001 | ABS58694 | ||
| 008 | 090401t1998 xxu||||| |||| 00| 0 eng d | ||
| 035 | _a(Sirsi) u86113 | ||
| 041 | _aeng | ||
| 245 | _aRegional survey: Greater Manchester | ||
| 260 | _c1998 | ||
| 350 | _a0 | ||
| 490 |
_aProperty Week _v63(4) 8 May 1998, 40-70(12) |
||
| 650 | _aCITY CENTRES | ||
| 650 | _aCONSTRUCTION MARKET | ||
| 650 | _aESTATE RENEWAL CHALLENGE FUND | ||
| 650 | _aHOUSING CONDITIONS | ||
| 650 | _aHOUSING DEVELOPMENT | ||
| 650 | _aHOUSING STOCK | ||
| 650 | _aINDUSTRIAL FLOORSPACE | ||
| 650 | _aINDUSTRIAL MARKET | ||
| 650 | _aINWARD INVESTMENT | ||
| 650 | _aMANCHESTER | ||
| 650 | _aPROPERTY-COMMERCIAL PROPERTY-OFFICE PROPERTY-OFFICE PROPERTY MARKET | ||
| 650 | _aOFFICE TAKE-UP | ||
| 650 | _aPOLICE STATIONS | ||
| 650 | _aPUBLIC BUILDINGS | ||
| 650 | _aRENTAL LEVELS | ||
| 650 | _aPROPERTY-COMMERCIAL PROPERTY-RETAIL PROPERTY-RETAIL PROPERTY MARKET | ||
| 650 | _aSTRATEGIC SITES | ||
| 650 | _aURBAN REGENERATION | ||
| 690 | _aPROPERTY-COMMERCIAL PROPERTY-COMMERCIAL PROPERTY MARKET | ||
| 942 | _n0 | ||
| 948 | _c08/05/1998 | ||
| 999 |
_c54178 _d54178 |
||